| 000 | 00410ngm a2200133 4500 | ||
|---|---|---|---|
| 001 | 8091 | ||
| 005 | 20181127185055.0 | ||
| 090 | 0 | 0 | _a302.23 |
| 245 | 0 | 0 |
_aDear prime minister : _ba music video on democracy / _c _h |
| 260 | 0 | 0 |
_aThimphu Bhutan ; _b Bhutan Centre for Media and Democracy, _c2017. |
| 650 | 0 | 0 | _aJournalism --Social aspects. |
| 650 | 0 | 0 | _aMass media --Social aspects. |
| 999 |
_c6968 _d6968 |
||